Economie politique

Gorde:
Xehetasun bibliografikoak
Egile nagusia: Barre, Raymond (Egilea)
Formatua: Liburua
Hizkuntza:gaztelania
Argitaratua: París Presses Universitaires de France 1966
Edizioa:7a. ed
Gaiak:
Etiketak: Etiketa erantsi
Etiketarik gabe, Izan zaitez lehena erregistro honi etiketa jartzen!

MARC

LEADER 00000nam a2200000 a 4500
001 UCR8106
003 CL-VaPUC
008 980519e19660000FR |||||||||||||||||spa|d
082 0 4 |a 330  |b BAR  |2 21 
100 0 |a Barre, Raymond  |e author  |9 409791 
245 1 0 |a Economie politique 
250 |a 7a. ed 
300 |a 2 v 
942 |c BK 
945 |d 19980519 00:00:00  |a lriquelm 
260 |a París  |b Presses Universitaires de France  |c 1966 
650 0 |a Economía   |9 255568 
650 0 |a Historia  |9 255047 
650 7 |a PRODUCTO NACIONAL BRUTO  |2 CL-VaPUC  |9 259223 
650 0 |a Producción   |9 263680 
650 7 |a FACTORES DE LA PRODUCCION  |2 CL-VaPUC  |9 359173 
650 0 |a Precios   |9 260787 
650 0 |a Sector servicios  |9 359061 
650 7 |a PRODUCTOS  |2 CL-VaPUC  |9 338640 
650 0 |a Comercio  |9 255341 
650 7 |a RENTA NACIONAL  |2 CL-VaPUC  |9 359260 
650 7 |a GASTOS NACIONALES  |2 CL-VaPUC  |9 379418 
650 0 |a Moneda  |9 342365 
650 7 |a CAMBIOS INTERNACIONALES  |2 CL-VaPUC  |9 381090 
650 0 |a Balanza de pagos  |9 316476 
650 0 |a Política comercial  |9 259070 
650 7 |a INTERNACIONAL  |2 CL-VaPUC  |9 381108 
583 |a last modification  |c 19980519 00:00:00  |k Rodrigo Vera 
999 |c 269670  |d 269668